000 00874nam a2200253Ia 4500
003 EC-GqESP
005 20251105134840.0
008 250425s9999 xx 000 0 und d
010 _a23386
041 _aspa
082 _a631.521
_pDEP
100 _aAA, S
245 0 _aSEMILLAS
250 _a1A ED.
260 _aMEXICO
260 _aMéxico
_bEDITORIAL CONTINENTAL
_c1986
300 _a1020
500 _aEN CIBGZ-FIMCP 50052
520 _aLAS BUENAS SEMILLAS SON UN SIMBOLO, ASI COMO TAMBIEN LOS CIMIENTOS DE UNA MEJOR VIDA, QUE NUESTRA GENTE SE HA GANADO. FACTORES BASICOS PARA LA REALIZACION DEL DESEO HUMANO. LAS SEMILLAS PROTEGEN Y SOSTIENEN LA VIDA. SON FORTALEZAS ALTAMENTE ORGANIZADAS
650 _aSEMILLAS-ENFERMEDADES Y PLAGAS
650 _aSEMILLAS-PRODUCCION
710 _aDEPARTAMENTO DE AGRICULTURA DE LOS EE. UU. DE AMER
942 _c01
999 _c211943
_d211943